América Latina: sistemas financieros y financiamiento de la inversión. Diagnósticos y propuestas /
El propósito de este artículo es analizar las principales características de los sistemas financieros en América Latina y formular lineamientos de una estrategia tendiente a potenciar su capacidad para elevar las tasas de inversión en la region, a fin de fortalecer el crecimiento económico. En prime...
Gorde:
| Egile nagusia: | |
|---|---|
| Beste egile batzuk: | |
| Formatua: | Texto |
| Gaiak: | |
| Etiketak: |
Etiketa erantsi
Etiketarik gabe, Izan zaitez lehena erregistro honi etiketa jartzen!
|
MARC
| LEADER | 00000 a a2200000 04500 | ||
|---|---|---|---|
| 001 | 42064 | ||
| 003 | |||
| 040 | |||
| 100 | |a Jiménez, Luis Felipe | ||
| 245 | |a América Latina: |b sistemas financieros y financiamiento de la inversión. Diagnósticos y propuestas / |c Luis Felipe Jiménez ; Sandra Manuelito | ||
| 500 | |a felipe.jimenez@cepal.org |a sandra.manuelito@cepal.org | ||
| 520 | |a El propósito de este artículo es analizar las principales características de los sistemas financieros en América Latina y formular lineamientos de una estrategia tendiente a potenciar su capacidad para elevar las tasas de inversión en la region, a fin de fortalecer el crecimiento económico. En primera instancia, se efectua un diagnóstico de los sistemas bancarios, los mercados accionarios, los bonos y los flujos financieros externos. Luego se analizan los principales factores de índole macro y microeconómico, así como ciertos rasgos estructurales que han determinado un bajo grado de desarrollo financiero. | ||
| 590 | |a RRH/OCTUBRE2011 | ||
| 650 | |a 1.MERCADO FINANCIERO | ||
| 650 | |a 2.SISTEMAS BANCARIOS | ||
| 650 | |a 3.CREDITOS | ||
| 650 | |a 4.ECONOMIA | ||
| 650 | |a 5.INVERSIONES | ||
| 650 | |a 6.CRECIMIENTO ECONOMICO | ||
| 700 | |a Manuelito, Sandra | ||
| 773 | |g número103 ( , 2011), páginas 47-75 : tablas, gráficos | ||
| 999 | |c 29777 |d 29777 | ||
